000
00264nam a2200109Ia 4500
008
190216s9999||||xx |||||||||||||| ||und||
100
_a
Gupta R R & Gupta V S
245
0
_a
Advanced Accounting
260
_b
A S Publications
_c
1967
300
_a
1276p
942
_c
BK
999
_c
3849
_d
3849